000 01036cam a22003257a 4500
003 CHAP
005 20220817042404.0
008 971013s1984 r 00010 d
010 _a43176
011 _a44148
035 _a48286
040 _cCHAP
082 _a335.4
_bC2
100 0 0 _aSacristán Luzón, Manuel.
_9101144
245 1 3 _aEl trabajo científico de Marx y su noción de ciencia
260 _aPuebla, Pue. :
_bUAP. Escuela de Filosofía Letras,
_c1984
300 _app. 101-141
490 0 _aDialéctica 8 (14-15): 1983-84)
501 _aEnc. con otros impresos similares
590 _aBATCH-UPD
_b10
_c20130110
_lUCH01
_h1740
590 _aBATCH-UPD
_b10
_c20130410
_lUCH01
_h1120
590 _aBATCH-UPD
_b10
_c20130914
_lUCH01
_h0934
590 _aCONVERSION
_b10
_c20130109
_lUCH01
_h1324
650 1 4 _aCiencia
_xFilosofía.
_923124
650 1 4 _aMarxismo.
_972728
830 0 _aDialéctica 8 (14-15): 1983-84)
901 _aBK
942 _cLIBRO
949 _a335.4 C2
_bBC
_cLIBRO
_d-109498
_eLIBRO
_h66431
_i48286
_si
999 _c43176
_d43176